[Event "Gatineau op U1900"]
[Site "Gatineau"]
[Date "2013.03.03"]
[Round "5"]
[White "Choiniere, Rene"]
[Black "Abrams, Paul"]
[Result "1-0"]
[WhiteElo "1727"]
[BlackElo "1434"]
[PlyCount "95"]
[EventDate "2013.03.01"]
[EventType "swiss"]
[EventRounds "5"]
[EventCountry "CAN"]
[SourceTitle "EXT 2022"]
[Source "ChessBase"]
[SourceDate "2021.10.06"]
[SourceVersion "1"]
[SourceVersionDate "2021.10.06"]
[SourceQuality "1"]

1. e4 c5 2. c3 g6 3. Nf3 Bg7 4. d4 cxd4 5. cxd4 d5 6. e5 Bg4 7. Be2 Nc6 8. Nc3 Bxf3 9. Bxf3 e6 10. 0-0 Nge7 11. Bg5 Qb6 12. Bxe7 Nxe7 13. Na4 Qd8 14. Nc5 Rb8 15. Rc1 0-0 16. Be2 Nc6 17. Rc3 Qe7 18. f4 Rbc8 19. Kh1 Rc7 20. Qd2 Rfc8 21. Rfc1 Nb8 22. a3 b6 23. Nb3 Qd7 24. Rxc7 Rxc7 25. Rxc7 Qxc7 26. Qc3 Qxc3 27. bxc3 Nc6 28. Bb5 Ne7 29. c4 dxc4 30. Bxc4 Nd5 31. Bxd5 exd5 32. g4 f6 33. a4 Kf7 34. Kg2 g5 35. Kf3 gxf4 36. Kxf4 fxe5+ 37. dxe5 Bf8 38. Kf5 Bc5 39. h4 Ke7 40. g5 a6 41. h5 d4 42. g6 h6 43. e6 Kf8 44. Ke4 d3 45. Kxd3 Bd6 46. Ke4 Kg7 47. Kd5 Be7 48. Nd4 1-0